000 00357nam a2200145Ia 4500
008 200103s9999||||xx |||||||||||||| ||und||
020 _a9780553409024
040 _aIMU-MPC
082 _aColumn-65
100 _aRedfield, James
245 4 _aThe Celestine Prophecy: An Adventure
260 _bBantam Books, New York
_c1997
300 _a282
942 _cBK
999 _c11568
_d11568